00460nam a2200133Ia 4500008004100000100001500041245008800056245005100144260004900195260000900244300001200253650001300265856004800278170221s9999 xx 000 0 und d aDavid Fehr aDominated assets, the expected utility maxim, and mean-variance portfolio selection cDavid Fehr, Southern New Hampshire University. bJournal of Management and Marketing Research c2012 a32 : 16 xBusiness uhttp://www.aabri.com/manuscripts/131606.pdf